| 000 | 00874cam a22002291i 4500 | ||
|---|---|---|---|
| 003 | SA-RiAUC | ||
| 005 | 20250112104326.0 | ||
| 008 | 250108q19001999xx g 000 0 ara c | ||
| 040 |
_aSA-JeALM _bara _cSA-RiAUC _erda |
||
| 082 | 0 | 4 | _a247 |
| 090 |
_a247 _b م و س |
||
| 100 | 1 |
_aالموسوي، موسى، _d1930- _eمؤلف. |
|
| 245 | 1 | 2 |
_aالشيعة والتصحيح : _bالصراع بين الشيعة والتشيع / _cموسى الموسوي. |
| 264 | 1 |
_a[مكان النشر غير محدد] : _b[الناشر غير محدد]، _c[بين 1900 و1999] |
|
| 300 |
_a220 صفحة ؛ _c22 سم |
||
| 336 |
_aنص _btxt _2rdacontent _3كتاب |
||
| 337 |
_aبدون وسيط _bn _2rdamedia |
||
| 338 |
_aمجلد _bnc _2rdacarrier |
||
| 650 | 7 |
_aالشيعة (فرقة إسلامية) _2aucsh |
|
| 942 |
_2ddc _cBOOK _n0 |
||
| 949 |
_aSA-JeALM _d250108 _uosman123 _n1 |
||
| 999 |
_c4644 _d4644 |
||